000 00778nam a2200193 a 4500
003 0
005 20250415091518.0
008 060801s19uu xx 00 eng d
050 _aPHS LB 1060
_b.P38 2006
100 _aPatawaran, Pocholo Rae Naval.
245 _aPerceived effects of training in fighting camps on the academic achievement level of SISC students :
_bSchool Year 2005-2006 /
_cPocholo Rae Naval Patawaran.
260 _aLas PiƱas City, Philippines :
_bSouthville International School and Colleges,
_c2006.
300 _a30 pages :
_billustrations ;
_c28 cm.
504 _aIncludes bibliographical references.
650 _aAcademic achievement.
650 _aMartial arts
_xTraining.
650 _aPhysical education and training
_xInfluence.
942 _2lcc
_cPASS
999 _c97654
_d97654